00894 2200337 4500001002100000005001500021035002000036007000300056040001700059100002800076245004000104250001000144300003100154020002200185041000800207082001200215084001800227090002400245264003600269336002100305337003000326338002300356650001100379700003100390850001000421008004100431990002200472990002200494990001800516990002200534INLIS00000000000870520260518104905 a0010-1022000080ta aSBPUPADbind0 aRasyid AkbarePengarang1 aMisteri Gua Karang\ /cRasyid Akbar acet,1 a112 hlm :bilus ;c20,5 cm a978-979-063-684-2 aind a899.221 a899.221 RAS m a899.221 RAS m 24-5 aJakarta; :bZikrul Kids;,c2011 2rdacontentateks 2rdamediaatanpa perantara 2rdacarrieravolume 4asastra aEditor, DiOryzaePengarang aPUPAD260518 1  a25.490/B/DPK/2017 a25.491/B/DPK/2017 a18987/BR/2013 a25.489/B/DPK/2017